000 00541cam a2200181 4500500
005 20260329004559.0
041 _afre
042 _adc
100 1 0 _aPortevin, Catherine
_eauthor
245 0 0 _aQu’est-ce qu’un humain ?
260 _c2020.
500 _a93
690 _aChiara Pastorini
690 _aEnfant
690 _aHumain
786 0 _nPhilosophie magazine | 140 | 7 | 2020-07-01 | p. 63-63 | 1951-1787
856 4 1 _uhttps://shs.cairn.info/magazine-philosophie-magazine-2020-7-page-63?lang=fr&redirect-ssocas=7080
999 _c1835327
_d1835326